Pokok

Bibliographic Details
Main Author: Jennings, Terry
Format: Book
Published: Petaling Jaya : Penerbit Fajar Bakti Sdn. Bhd. , 1987
Subjects:

MARC

LEADER 00000cam a2200000 7i4500
001 0000007522
002 000008082
005 20000330.0
020 |a 9676502782 
090 0 0 |a J 500   |b JEN 
100 1 |a Jennings, Terry 
245 1 0 |a Pokok   |c Terry Jennings 
260 |a Petaling Jaya :   |b Penerbit Fajar Bakti Sdn. Bhd. ,   |c 1987 
300 |a 32p. :   |b ill ;   |c 22cm. 
650 0 0 |a Trees   |x Juvenile literature 
999 |a 0010983   |b BUKU   |c PINJAMAN   |e PERPUSTAKAAN KOMUNITI PETALING JAYA